Guess the Band - Statistics

General Stats
  • This quiz has been taken 776 times
  • The average score is 9 of 15
Answer Stats
Hint Answer % Correct
Ozzy Osbourne Black Sabbath
89%
Sting The Police
86%
Beyonce Knowles Destiny's Child
85%
Justin Timberlake 'N Sync
84%
Gwen Stefani No Doubt
77%
George Michael Wham!
77%
Robert Plant Led Zeppelin
75%
Diana Ross The Supremes
63%
Peter Gabriel Genesis
59%
Robbie Williams Take That
59%
Lauryn Hill The Fugees
51%
Rob Thomas Matchbox Twenty
40%
Lionel Richie Commodores
37%
Cheryl Cole Girls Aloud
32%
Ricky Martin Menudo
26%
No matching quizzes found
Score Distribution
Percent of People with Each Score
Percentile by Number Answered
Your Score History
You have not taken this quiz